Statistics for Norse gods

Click here to take the quiz!

General Stats

  • This quiz has been taken 311 times
  • The average score is 8 of 16

Answer Stats

The Norse GodsAnswer% Correct
God of thunderThor
100%
The lord of HliðskjalfOdinn
92%
He who is of the kin of giantsLoki
83%
She whose chariot is drawn by two catsFreyja
75%
One handed god of war and justiceTyr
61%
The shining oneBaldur
57%
The watchman of the godsHeimdallur
56%
She who knows all fateFrigg
50%
She of the golden hairSif
42%
He who rules rain and sunshineFreyr
35%
God of the seaNjordur
33%
The goddess of youthIðunn
28%
The blind godHöður
27%
God of deep wisdomMímir
24%
God of the poetic artsBragi
21%
The second wife of LokiSigyn
14%

Score Distribution

Percentile by Number Answered

Percent of People with Each Score

Your Score History

You have not taken this quiz